[Event "IX. Rhein-Main-Open"]
[Site "Bad Homburg"]
[Date "2006.06.17"]
[Round "5.31"]
[White "Ullrich, Helmut"]
[Black "Smith-Meyer, Geir"]
[Result "1-0"]
[WhiteElo "1908"]
[BlackElo "1669"]
[PlyCount "83"]
[EventDate "2006.??.??"]

1. e4 e5 2. Nf3 Nf6 3. Nc3 Bb4 4. d3 d5 5. exd5 Nxd5 6. Bd2 Bg4 7. Be2 O-O 8.
O-O Re8 9. Nxd5 Bxd2 10. Nxc7 Ba5 11. Nxe8 Qxe8 12. h3 Bf5 13. Nd2 Nc6 14. Nb3
Bb6 15. Bf3 Rc8 16. Re1 f6 17. Bg4 Ne7 18. Rc1 Rd8 19. Qf3 Qd7 20. d4 Bxg4 21.
hxg4 exd4 22. Qe4 Kf7 23. Rcd1 Nc6 24. c3 d3 25. c4 Ne5 26. c5 Bc7 27. Qxb7 Nc6
28. Qb5 Qd5 29. Re3 Ne5 30. f4 Nxg4 31. Rexd3 Qh5 32. Rd7+ Rxd7 33. Qxd7+ Kg6
34. Qe8+ Kh6 35. Qxh5+ Kxh5 36. g3 g5 37. Rd7 Bxf4 38. gxf4 Kg6 39. fxg5 fxg5
40. Rxa7 Ne5 41. Ra6+ Kf5 42. c6 1-0

[Event "IX. Rhein-Main-Open"]
[Site "Bad Homburg"]
[Date "2006.06.17"]
[Round "5.32"]
[White "Müller, Pascal"]
[Black "Reichert, Rudolf"]
[Result "1-0"]
[WhiteElo "1999"]
[BlackElo "1601"]
[PlyCount "99"]
[EventDate "2006.??.??"]

1. d4 d5 2. e4 dxe4 3. Nc3 Bf5 4. Bc4 c6 5. g4 Bg6 6. Nge2 b5 7. Bb3 e6 8. Nf4
Nf6 9. Nxg6 hxg6 10. g5 b4 11. gxf6 bxc3 12. fxg7 Bxg7 13. bxc3 Qd6 14. h3 Nd7
15. Be3 Rd8 16. Qe2 c5 17. Qc4 cxd4 18. cxd4 Ke7 19. Rd1 Rc8 20. Qa4 f5 21. d5
Bc3+ 22. Ke2 e5 23. Bg5+ Nf6 24. Qxa7+ Rc7 25. Qxc7+ Qxc7 26. d6+ Qxd6 27. Rxd6
Kxd6 28. Bxf6 Rh7 29. Rd1+ Kc6 30. h4 Bd4 31. c3 Bc5 32. Rg1 f4 33. Rxg6 f3+
34. Ke1 Rh5 35. Be7+ Kb5 36. c4+ Kb4 37. Rb6+ Kc3 38. Bxc5 Rxh4 39. Bb4+ Kb2
40. Kd2 e3+ 41. Kxe3 e4 42. Kd2 e3+ 43. Kxe3 Rh7 44. c5 Re7+ 45. Kxf3 Rh7 46.
c6 Rh6 47. c7 Rxb6 48. c8=Q Rxb4 49. Qc2+ Ka3 50. Qc1# 1-0

[Event "IX. Rhein-Main-Open"]
[Site "Bad Homburg"]
[Date "2006.06.17"]
[Round "5.33"]
[White "Braunberger, Gerald"]
[Black "Göbel, Andreas"]
[Result "1/2-1/2"]
[WhiteElo "1883"]
[BlackElo "2073"]
[PlyCount "56"]
[EventDate "2006.??.??"]

1. e4 c5 2. Nf3 d6 3. d4 cxd4 4. Nxd4 Nf6 5. Nc3 g6 6. Be3 Bg7 7. f3 O-O 8. Qd2
Nc6 9. O-O-O Nxd4 10. Bxd4 Be6 11. Kb1 Qc7 12. g4 Rfc8 13. h4 Qa5 14. Qg5 Qxg5
15. hxg5 Nd7 16. Bxg7 Kxg7 17. Rh4 f6 18. gxf6+ Nxf6 19. g5 Nh5 20. f4 Rc5 21.
Bd3 Rf8 22. Ne2 Bg8 23. b4 Rc7 24. f5 Rfc8 25. Nd4 Bc4 26. a3 Kg8 27. Kb2 a6
28. Kb1 Kg7 1/2-1/2

[Event "IX. Rhein-Main-Open"]
[Site "Bad Homburg"]
[Date "2006.06.17"]
[Round "5.34"]
[White "Feigl, Markus"]
[Black "Reimer, Otto"]
[Result "1-0"]
[WhiteElo "1751"]
[BlackElo "2047"]
[PlyCount "83"]
[EventDate "2006.??.??"]

1. e4 e6 2. d4 d5 3. e5 c5 4. c3 Nc6 5. Bb5 Bd7 6. Bxc6 bxc6 7. Ne2 cxd4 8.
cxd4 c5 9. Nbc3 Qb6 10. O-O cxd4 11. Nxd4 Ne7 12. a3 Nc6 13. Nxc6 Bxc6 14. b4
Rd8 15. Bg5 Rc8 16. Be3 Qb7 17. Bd4 Be7 18. Qd3 a6 19. Rfb1 O-O 20. a4 Rfe8 21.
b5 axb5 22. axb5 Bd7 23. Ra7 Qb8 24. Rxd7 Rc4 25. Ra7 Bb4 26. b6 Bc5 27. Bxc5
Rxc5 28. Qf3 Rf8 29. Ne2 d4 30. Nxd4 Qxb6 31. Raa1 Qc7 32. Qg3 Rc3 33. Nb5 Rxg3
34. Nxc7 Rc3 35. Nb5 Rc5 36. f4 h6 37. Nd6 Rc2 38. Rb7 Rd2 39. Raa7 Rd4 40. g3
Rd1+ 41. Kg2 g5 42. Nxf7 1-0

[Event "IX. Rhein-Main-Open"]
[Site "Bad Homburg"]
[Date "2006.06.17"]
[Round "5.35"]
[White "Freund, Klaus"]
[Black "Fußnecker, Manfred"]
[Result "0-1"]
[WhiteElo "1721"]
[BlackElo "2025"]
[PlyCount "114"]
[EventDate "2006.??.??"]

1. c4 e5 2. Nc3 Nf6 3. g3 Bb4 4. Nd5 Nxd5 5. cxd5 c6 6. Bg2 O-O 7. a3 Bc5 8. e3
a5 9. Ne2 Re8 10. O-O e4 11. Qc2 Qe7 12. dxc6 bxc6 13. Nc3 d5 14. Rd1 Bf5 15.
Rb1 Nd7 16. Na4 d4 17. Nxc5 Qxc5 18. Qxc5 Nxc5 19. b4 axb4 20. Rxb4 d3 21. Rc4
Ra5 22. Rc3 Kf8 23. f3 Rc8 24. Rc4 Be6 25. Rb4 exf3 26. Bxf3 Nb3 27. Bb2 c5 28.
Rb6 c4 29. Bc3 Rg5 30. Bb4+ Ke8 31. Kf2 Bd5 32. e4 Ba8 33. h4 Rg6 34. Rxg6 hxg6
35. Bg4 Rc6 36. e5 Nd4 37. Bc3 Nb3 38. Bf3 Ra6 39. Bxa8 Rxa8 40. Bb4 Kd7 41.
Ke3 Ke6 42. Rf1 Rd8 43. Bc3 Rd5 44. Rb1 Rd7 45. Kf4 Ra7 46. Bb4 Ra4 47. Rd1 Nd4
48. Bf8 Kd5 49. Bb4 Ne2+ 50. Kg4 Kxe5 51. Rf1 f5+ 52. Kg5 Ra6 53. Rf3 c3 54.
dxc3 Ke4 55. Rf1 Nxg3 56. Re1+ Kf3 57. c4 Ne4+ 0-1

[Event "IX. Rhein-Main-Open"]
[Site "Bad Homburg"]
[Date "2006.06.17"]
[Round "5.36"]
[White "Faqiry, Ramat"]
[Black "Schimmer, Michael"]
[Result "0-1"]
[WhiteElo "1705"]
[BlackElo "1956"]
[PlyCount "130"]
[EventDate "2006.??.??"]

1. d4 Nf6 2. c4 c5 3. d5 e6 4. Nc3 exd5 5. cxd5 d6 6. e4 g6 7. Nf3 Bg7 8. Be2
O-O 9. h3 Re8 10. Qc2 a6 11. a4 Nh5 12. Nh2 Qh4 13. g4 Bd4 14. Bf1 Ng7 15. Nf3
Bxc3+ 16. bxc3 Qe7 17. Bd3 f5 18. Bg5 Qf7 19. gxf5 Bxf5 20. Be3 c4 21. exf5
cxd3 22. Qxd3 Nxf5 23. Ng5 Qf6 24. Ne6 Nd7 25. Kd2 Rac8 26. Bg5 Qf7 27. Bf4 Nc5
28. Nxc5 Rxc5 29. c4 Qf6 30. Ra2 Rec8 31. Rc2 b5 32. axb5 axb5 33. Re1 Nd4 34.
Be3 Nxc2 35. Qxc2 Rxc4 36. Qb3 b4 37. Ke2 Rc2+ 38. Kf1 Rb2 39. Qd3 Rcc2 40. Qd4
Qxd4 41. Bxd4 Rb3 42. Re8+ Kf7 43. Rh8 Rxh3 44. Rb8 Rc4 45. Rb7+ Ke8 46. Bf6
Rc5 47. Re7+ Kf8 48. Rb7 Rxd5 49. Rxb4 Kf7 50. Bd8 Ke6 51. Re4+ Re5 52. Rf4 Rf5
53. Re4+ Kd5 54. Re2 Kc4 55. Bb6 d5 56. Rc2+ Kd3 57. Ra2 Rff3 58. Ra3+ Ke4 59.
Ra4+ Kf5 60. Kg2 Ra3 61. Rd4 Rhd3 62. Rh4 h5 63. Bc5 Rac3 64. Bd6 Rc4 65. Rh1
Rg4+ 0-1

[Event "IX. Rhein-Main-Open"]
[Site "Bad Homburg"]
[Date "2006.06.17"]
[Round "5.37"]
[White "Pfeiffer, Ralf"]
[Black "Schneider, Udo"]
[Result "1/2-1/2"]
[WhiteElo "1505"]
[BlackElo "1915"]
[PlyCount "37"]
[EventDate "2006.??.??"]

1. e4 e6 2. d4 d5 3. Nd2 a6 4. Ngf3 Nf6 5. Bd3 c5 6. c3 Nc6 7. b3 dxe4 8. Nxe4
cxd4 9. cxd4 Bb4+ 10. Bd2 h6 11. O-O Nxe4 12. Bxe4 Bxd2 13. Qxd2 Bd7 14. Rfd1
f5 15. Bxc6 Bxc6 16. Ne5 Bd5 17. Qb4 a5 18. Qb5+ Bc6 19. Nxc6 1/2-1/2

[Event "IX. Rhein-Main-Open"]
[Site "Bad Homburg"]
[Date "2006.06.17"]
[Round "5.38"]
[White "Winterberg, Lukas"]
[Black "Grass, Ernest"]
[Result "0-1"]
[WhiteElo "1799"]
[BlackElo "1772"]
[PlyCount "50"]
[EventDate "2006.??.??"]

1. d4 Nf6 2. c4 c5 3. d5 b5 4. a4 bxc4 5. Nc3 d6 6. e4 g6 7. Bxc4 Bg7 8. Bd2
O-O 9. Nf3 Nbd7 10. O-O Nb6 11. Be2 Bb7 12. a5 Nbd7 13. Bf4 Nh5 14. Bg3 Nxg3
15. hxg3 Rb8 16. Qd2 Ba8 17. Rfb1 Rb4 18. Bd3 Ne5 19. Ne1 Nxd3 20. Qxd3 Qd7 21.
Nc2 Rb3 22. Na3 Rfb8 23. Nc4 Qb7 24. a6 Qb4 25. Ra4 Qxa4 0-1

[Event "IX. Rhein-Main-Open"]
[Site "Bad Homburg"]
[Date "2006.06.17"]
[Round "5.39"]
[White "Schreiner, Roland"]
[Black "Plattner, Rolf"]
[Result "0-1"]
[WhiteElo "1954"]
[BlackElo "1528"]
[PlyCount "23"]
[EventDate "2006.??.??"]

1. d4 Nf6 2. c4 e6 3. Nc3 Bb4 4. Nf3 c5 5. e3 Bxc3+ 6. bxc3 d6 7. Be2 Nc6 8.
O-O O-O 9. Qc2 Qe7 10. e4 e5 11. d5 Na5 12. Bg5 0-1

[Event "IX. Rhein-Main-Open"]
[Site "Bad Homburg"]
[Date "2006.06.17"]
[Round "5.40"]
[White "Dages, Rolf Hermann"]
[Black "Wulfert, Olaf"]
[Result "1/2-1/2"]
[WhiteElo "1445"]
[BlackElo "1629"]
[PlyCount "44"]
[EventDate "2006.??.??"]

1. f4 c5 2. e4 Nc6 3. Nf3 g6 4. Bc4 e6 5. O-O Bg7 6. Nc3 Nge7 7. Qe2 O-O 8. d3
d5 9. Bb3 b6 10. Bd2 Ba6 11. Nd1 Na5 12. c4 dxe4 13. dxe4 Nec6 14. Bc3 Nd4 15.
Nxd4 Bxd4+ 16. Kh1 Nxb3 17. axb3 Bb7 18. Bxd4 cxd4 19. Nf2 Qc7 20. g3 f5 21.
Kg1 Qc6 22. Rfe1 a5 1/2-1/2

[Event "IX. Rhein-Main-Open"]
[Site "Bad Homburg"]
[Date "2006.06.17"]
[Round "5.41"]
[White "Plötz, Hans-Jürgen"]
[Black "Kirschner, Matthias"]
[Result "0-1"]
[WhiteElo "1442"]
[BlackElo "1567"]
[PlyCount "69"]
[EventDate "2006.??.??"]

1. d4 d6 2. Nf3 Nd7 3. c4 e5 4. Nc3 Be7 5. e4 Ngf6 6. Be3 Ng4 7. Bd2 O-O 8. Be2
Ngf6 9. O-O Ne8 10. Rb1 f5 11. exf5 Rxf5 12. Qc2 Rf8 13. dxe5 Nxe5 14. Nxe5
dxe5 15. b4 Bf5 16. Ne4 Bxe4 17. Qxe4 Qxd2 18. Qxb7 Rd8 19. Bf3 Qxa2 20. Bd5+
Kh8 21. Ra1 Qd2 22. b5 Bc5 23. Bf3 Bb6 24. Qc6 Rd6 25. Qe4 Qd4 26. Qc2 Nf6 27.
Rad1 Qc5 28. Rde1 Re8 29. Qc3 e4 30. Bd1 Rd3 31. Qc2 Red8 32. Qb2 Ba5 33. Be2
Rd2 34. Qa1 Bb6 35. Qe5 0-1

[Event "IX. Rhein-Main-Open"]
[Site "Bad Homburg"]
[Date "2006.06.17"]
[Round "5.42"]
[White "Schutzmann, Henry"]
[Black "Ehling, Dieter"]
[Result "1-0"]
[WhiteElo "1550"]
[BlackElo "1310"]
[PlyCount "43"]
[EventDate "2006.??.??"]

1. e4 c6 2. d4 d5 3. Nc3 dxe4 4. Nxe4 Nd7 5. Bc4 Ngf6 6. Ng5 e6 7. Qe2 Nb6 8.
N1f3 Nxc4 9. Qxc4 Bd6 10. c3 h6 11. Nh3 Qc7 12. Be3 g5 13. Nd2 g4 14. Ng1 Bd7
15. O-O-O O-O-O 16. Ne2 e5 17. dxe5 Bxe5 18. Qa4 b6 19. Nc4 c5 20. Qa6+ Kb8 21.
Nxe5 Qxe5 22. Bf4 1-0

[Event "IX. Rhein-Main-Open"]
[Site "Bad Homburg"]
[Date "2006.06.17"]
[Round "5.43"]
[White "Peter, Falco"]
[Black "Reinl, Walter"]
[Result "1/2-1/2"]
[WhiteElo "1380"]
[BlackElo "1500"]
[PlyCount "92"]
[EventDate "2006.??.??"]

1. d4 Nf6 2. Bf4 Nh5 3. Bc1 d5 4. h3 Nc6 5. c3 e5 6. g4 Nf6 7. Bg5 Be7 8. dxe5
Nxe5 9. Nd2 Bd7 10. e3 c5 11. Bf4 Ng6 12. Bg3 Bc6 13. Ngf3 Qb6 14. Qc2 Rd8 15.
Rg1 Bd6 16. Bxd6 Rxd6 17. Bd3 Bb5 18. c4 Ba6 19. O-O-O O-O 20. h4 Re8 21. h5
Nf8 22. Rde1 dxc4 23. Bxc4 Qc6 24. Ng5 Bxc4 25. Nxc4 Rd5 26. f4 N6d7 27. h6
Qxh6 28. Rh1 Qg6 29. Qg2 Qc6 30. Qc2 Qg6 31. Qb3 Rxg5 32. fxg5 b6 33. Ref1 Ne5
34. Nxe5 Rxe5 35. Qa3 Rxg5 36. Qxa7 Rxg4 37. Rf2 Rc4+ 38. Kd1 Qd3+ 39. Rd2 Qg6
40. Qb7 Qg4+ 41. Re2 Qg6 42. e4 Qg5 43. Re3 Qd8+ 44. Ke2 Rc2+ 45. Kf3 Qf6+ 46.
Kg4 Qg6+ 1/2-1/2

[Event "IX. Rhein-Main-Open"]
[Site "Bad Homburg"]
[Date "2006.06.17"]
[Round "5.46"]
[White "Witt, Holger"]
[Black "Krüger, Jens"]
[Result "1-0"]
[WhiteElo "1438"]
[BlackElo "1413"]
[PlyCount "47"]
[EventDate "2006.??.??"]

1. d4 Nf6 2. Nf3 g6 3. e3 Bg7 4. c4 O-O 5. Nc3 d6 6. Be2 c5 7. O-O cxd4 8. exd4
Nc6 9. Bg5 h6 10. Bf4 e6 11. Re1 Qe7 12. Rc1 Ne8 13. Qd2 Kh7 14. Bd3 Nxd4 15.
Nxd4 Bxd4 16. Bxg6+ fxg6 17. Qxd4 e5 18. Qd2 Qh4 19. Bg3 Qxc4 20. Ne4 Qxa2 21.
Nxd6 Nxd6 22. Qxd6 Qf7 23. Rc7 Qxc7 24. Qxc7+ 1-0

[Event "IX. Rhein-Main-Open"]
[Site "Bad Homburg"]
[Date "2006.06.17"]
[Round "5.47"]
[White "Feigl, Gerold"]
[Black "Kempf, Jürgen"]
[Result "1/2-1/2"]
[WhiteElo "1452"]
[BlackElo "1114"]
[PlyCount "88"]
[EventDate "2006.??.??"]

1. e4 c6 2. Bc4 d5 3. exd5 cxd5 4. Bb5+ Nc6 5. Nf3 Bf5 6. d4 e6 7. a3 Bd6 8.
Nc3 Nge7 9. Nh4 Be4 10. Nxe4 dxe4 11. g3 Qa5+ 12. c3 Qxb5 13. Qg4 O-O 14. Bh6
g6 15. Bxf8 Qxb2 16. O-O Rxf8 17. Qxe4 Qxc3 18. d5 Nxd5 19. Rfc1 Qd4 20. Qb1
Nc3 21. Qc2 Nb5 22. Rd1 Qc5 23. Qxc5 Bxc5 24. a4 Nc3 25. Rd7 Rb8 26. Kg2 a6 27.
Nf3 b5 28. Rc7 Rb6 29. axb5 Nxb5 30. Rc8+ Kg7 31. Rc1 Nd6 32. Ra8 Ne4 33. Rc2
Nd4 34. Ra2 Nxf3 35. Kxf3 Nxf2 36. Rxf2 Bxf2 37. Kxf2 Rb2+ 38. Kg1 e5 39. Rxa6
Rb8 40. Kg2 Re8 41. Kf3 Re6 42. Ra7 Kf6 43. h4 e4+ 44. Ke3 Re7 1/2-1/2

[Event "IX. Rhein-Main-Open"]
[Site "Bad Homburg"]
[Date "2006.06.17"]
[Round "5.48"]
[White "Kießling, Robert"]
[Black "Zellmann, Erwant"]
[Result "0-1"]
[WhiteElo "791"]
[BlackElo "995"]
[PlyCount "100"]
[EventDate "2006.??.??"]

1. e4 c5 2. Nc3 d6 3. Bb5+ Bd7 4. Nf3 Nf6 5. O-O a6 6. Bxd7+ Nbxd7 7. d3 e6 8.
Re1 Be7 9. a3 O-O 10. b4 cxb4 11. axb4 Qc7 12. Bb2 Qc6 13. Nd4 Qb6 14. Nce2
Qxb4 15. Rb1 Qc5 16. Nf3 Rfc8 17. c3 b5 18. d4 Qc6 19. Qc2 b4 20. h3 a5 21.
Rbc1 a4 22. cxb4 Qxc2 23. Rxc2 Rxc2 24. Bc3 Nxe4 25. Ba1 d5 26. b5 a3 27. Rc1
Rxe2 28. Rc7 Nef6 29. Ne5 Bd6 30. Rb7 Rb8 31. Ra7 Bxe5 32. dxe5 Re1+ 33. Kh2
Rxa1 34. exf6 Nxf6 35. b6 Ne8 36. b7 Kf8 37. g3 d4 38. Kg2 d3 39. g4 d2 40. Kg3
d1=Q 41. g5 Qg1+ 42. Kf3 Qxg5 43. Ke2 Qf4 44. f3 Ra2+ 45. Kd3 Rd2+ 46. Kc3 Qe3+
47. Kc4 Qxa7 48. Kc3 Qa5+ 49. Kc4 Rxb7 50. f4 Qc7# 0-1

[Event "IX. Rhein-Main-Open"]
[Site "Bad Homburg"]
[Date "2006.06.18"]
[Round "6.1"]
[White "Bakhmatov, Eduard"]
[Black "Khenkin, Igor"]
[Result "0-1"]
[WhiteElo "2341"]
[BlackElo "2602"]
[PlyCount "64"]
[EventDate "2006.??.??"]

1. e4 c6 2. d3 d5 3. Nd2 g6 4. Ngf3 Bg7 5. g3 e5 6. Bg2 Ne7 7. O-O O-O 8. Re1
d4 9. b4 a5 10. bxa5 Qxa5 11. Bb2 c5 12. Nc4 Qc7 13. a4 Be6 14. Nfd2 Nbc6 15.
c3 Rfd8 16. Qb1 Ra6 17. cxd4 Nxd4 18. Bc3 Nec6 19. Ne3 Nb4 20. Bxb4 cxb4 21.
Ndc4 b3 22. Nd5 Qc5 23. a5 Bxd5 24. exd5 Qb4 25. Re4 Rxd5 26. Qe1 Qxe1+ 27.
Raxe1 f5 28. Rxe5 Rxe5 29. Nxe5 Bxe5 30. Rxe5 b2 31. Bd5+ Kf8 32. Ba2 Nf3+ 0-1

[Event "IX. Rhein-Main-Open"]
[Site "Bad Homburg"]
[Date "2006.06.18"]
[Round "6.2"]
[White "Milov, Leonid"]
[Black "Kayser, Felix"]
[Result "1-0"]
[WhiteElo "2504"]
[BlackElo "2164"]
[PlyCount "57"]
[EventDate "2006.??.??"]

1. e4 d5 2. exd5 Qxd5 3. Nc3 Qa5 4. Nf3 Nf6 5. d4 c6 6. Bd2 Qc7 7. Bc4 Bf5 8.
Ne5 e6 9. Qe2 Bd6 10. g4 Bg6 11. h4 Bxe5 12. dxe5 Nfd7 13. h5 Bxc2 14. Rc1 b5
15. Bxb5 cxb5 16. Nxb5 Qc6 17. Nd6+ Ke7 18. O-O Nxe5 19. Qxe5 Nd7 20. Nf5+ Kd8
21. Ba5+ Nb6 22. Rfd1+ Ke8 23. Nxg7+ Kf8 24. Rxc2 Qxc2 25. Nxe6+ fxe6 26. Qf6+
Kg8 27. Qxe6+ Kf8 28. Bb4+ Kg7 29. h6# 1-0

[Event "IX. Rhein-Main-Open"]
[Site "Bad Homburg"]
[Date "2006.06.18"]
[Round "6.3"]
[White "Brustkern, Jürgen"]
[Black "Donchenko, Anatoli"]
[Result "1/2-1/2"]
[WhiteElo "2242"]
[BlackElo "2434"]
[PlyCount "34"]
[EventDate "2006.??.??"]

1. d4 d5 2. Bg5 h6 3. Bh4 c6 4. e3 Qb6 5. Qc1 e5 6. Nf3 Nd7 7. c4 exd4 8. exd4
Ngf6 9. Nc3 Bb4 10. Bd3 dxc4 11. Bxc4 O-O 12. O-O Qa5 13. a3 Bd6 14. Ba2 Qh5
15. Bg3 Bxg3 16. hxg3 Nb6 17. Re1 Be6 1/2-1/2

[Event "IX. Rhein-Main-Open"]
[Site "Bad Homburg"]
[Date "2006.06.18"]
[Round "6.4"]
[White "Drabke, Lorenz Maximilian"]
[Black "Uwira, Oliver"]
[Result "1-0"]
[WhiteElo "2393"]
[BlackElo "2256"]
[PlyCount "87"]
[EventDate "2006.??.??"]

1. e4 c5 2. Nf3 Nc6 3. Bb5 e6 4. Bxc6 bxc6 5. d3 Ne7 6. Qe2 f6 7. Nh4 Qc7 8. f4
d5 9. c4 d4 10. O-O Ng6 11. Qh5 Qf7 12. Nd2 Nxf4 13. Qxf7+ Kxf7 14. Rxf4 g5 15.
Rf2 gxh4 16. e5 f5 17. Nf3 Be7 18. Bg5 Bxg5 19. Nxg5+ Kg6 20. Nf3 Kh5 21. Nd2
Rg8 22. Nb3 Bd7 23. Nxc5 Rad8 24. b4 Bc8 25. Raf1 Rg4 26. Rf4 Kg5 27. Rxg4+
Kxg4 28. h3+ Kg5 29. Rf2 Rg8 30. a4 f4 31. Re2 Kf5 32. Kf2 Rg3 33. Ne4 Bd7 34.
Nxg3+ hxg3+ 35. Kf1 c5 36. b5 Bc8 37. a5 Bb7 38. a6 Ba8 39. Rb2 f3 40. gxf3 Kf4
41. b6 axb6 42. Rxb6 Ke3 43. Rxe6 Bxf3 44. Rd6 1-0

[Event "IX. Rhein-Main-Open"]
[Site "Bad Homburg"]
[Date "2006.06.18"]
[Round "6.6"]
[White "Willems, Matthias"]
[Black "Malek, Daniel"]
[Result "0-1"]
[WhiteElo "2112"]
[BlackElo "2322"]
[PlyCount "92"]
[EventDate "2006.??.??"]

1. d4 Nf6 2. Bf4 e6 3. e3 b6 4. Nf3 Bb7 5. Bd3 Be7 6. h3 c5 7. c3 O-O 8. Qe2 d6
9. O-O Nbd7 10. e4 Re8 11. Nbd2 a6 12. Rfe1 Nf8 13. Bh2 Ng6 14. Rad1 Bf8 15. e5
dxe5 16. dxe5 Nd5 17. Bxg6 hxg6 18. Ne4 Qc7 19. Nfg5 Qc6 20. c4 f6 21. Qg4 fxg5
22. Qxg5 Ne7 23. Rd6 Qc8 24. Nf6+ gxf6 25. exf6 Kf7 26. fxe7 Bxe7 27. Qf4+ Bf6
28. Rxb6 Re7 29. Bg3 Qh8 30. Qd6 Rd8 31. Qf4 Rd4 32. Qc1 Qh5 33. Qc2 Qf5 34.
Qxf5 gxf5 35. Bd6 Rd7 36. Bxc5 Rxc4 37. Rexe6 Bxb2 38. Re2 Bf6 39. Ree6 Bd8 40.
Re5 Bxb6 41. Bxb6 Rd5 42. Re2 Rd6 43. Ba5 Bd5 44. f4 Ra4 45. Bc7 Rd7 46. Be5
Rxa2 0-1

[Event "IX. Rhein-Main-Open"]
[Site "Bad Homburg"]
[Date "2006.06.18"]
[Round "6.7"]
[White "Feldtmann, Thomas"]
[Black "Diehm, Alexander"]
[Result "1-0"]
[WhiteElo "2283"]
[BlackElo "2111"]
[PlyCount "55"]
[EventDate "2006.??.??"]

1. c4 b6 2. Nc3 Bb7 3. Nf3 e6 4. e4 Bb4 5. Bd3 Na6 6. Qe2 Ne7 7. a3 Bxc3 8.
dxc3 O-O 9. e5 Ng6 10. Ng5 h6 11. Nxf7 Rxf7 12. Bxg6 Rf8 13. Qg4 Qe7 14. Bxh6
gxh6 15. Be4+ Kh8 16. Bxb7 Nc5 17. Bxa8 Nd3+ 18. Ke2 Nxf2 19. Qh5 Qh7 20. Bf3
Qc2+ 21. Ke3 Rf5 22. Qe8+ Kg7 23. Qxd7+ Kf8 24. Qd8+ Kg7 25. Qd4 c5 26. Qd7+
Kh8 27. Qxe6 h5 28. Qh6+ 1-0

[Event "IX. Rhein-Main-Open"]
[Site "Bad Homburg"]
[Date "2006.06.18"]
[Round "6.8"]
[White "Dorst, Johannes"]
[Black "Ahrends, Norbert"]
[Result "1/2-1/2"]
[WhiteElo "2127"]
[BlackElo "2065"]
[PlyCount "162"]
[EventDate "2006.??.??"]

1. e4 c5 2. Nf3 Nc6 3. d4 cxd4 4. Nxd4 Nf6 5. Nc3 e5 6. Ndb5 d6 7. Bg5 a6 8.
Na3 b5 9. Bxf6 gxf6 10. Nd5 Bg7 11. c3 O-O 12. Nc2 f5 13. exf5 Bxf5 14. Nce3
Be6 15. g3 f5 16. Bg2 Ra7 17. O-O Kh8 18. a4 bxa4 19. Rxa4 a5 20. Nc4 Rb7 21.
Qe2 e4 22. Rd1 Rb5 23. Nf4 Bxc4 24. Qxc4 Qb6 25. Rxd6 Rxb2 26. Nh3 Ne5 27. Rxb6
Nxc4 28. Rxb2 Nxb2 29. Rxa5 Bxc3 30. Rc5 Bd4 31. Rd5 Bg7 32. Nf4 Bh6 33. Ne2
Kg7 34. Nd4 Kg6 35. Nxf5 e3 36. Nxe3 Bxe3 37. fxe3 Nc4 38. e4 h5 39. Bh3 Rf3
40. Bf5+ Kf6 41. Kg2 Ra3 42. Kh3 Ra2 43. Rd1 Ne3 44. Re1 Ng2 45. Rb1 Ne3 46.
Rb6+ Ke5 47. Rb5+ Kf6 48. Bd7 Ke7 49. Rb7 Kd8 50. Be6 Rf2 51. Rf7 Ng4 52. Rxf2
Nxf2+ 53. Kh4 Nxe4 54. Kxh5 Ke7 55. Bf5 Nd6 56. Kg6 Kf8 57. Be6 Ne4 58. Bd5 Nc5
59. g4 Nd3 60. Kh7 Nf4 61. Bc4 Nh3 62. Kg6 Nf4+ 63. Kf5 Nh3 64. Kf6 Nf2 65. h3
Nxh3 66. Kf5 Kg7 67. Bf1 Nf2 68. g5 Nd1 69. Bd3 Nf2 70. Bc2 Nh3 71. g6 Nf2 72.
Kg5 Nh3+ 73. Kg4 Nf2+ 74. Kf5 Nh3 75. Bd3 Nf2 76. Bb1 Nd1 77. Ke5 Nc3 78. Bd3
Nb5 79. Kd5 Nc3+ 80. Kd4 Ne2+ 81. Ke3 Ng3 1/2-1/2

[Event "IX. Rhein-Main-Open"]
[Site "Bad Homburg"]
[Date "2006.06.18"]
[Round "6.9"]
[White "Hüttemann, Ralf"]
[Black "Gramlich, Sebastian"]
[Result "0-1"]
[WhiteElo "1963"]
[BlackElo "2122"]
[PlyCount "115"]
[EventDate "2006.??.??"]

1. e4 d5 2. Nc3 e6 3. d4 Bb4 4. e5 c5 5. a3 Bxc3+ 6. bxc3 Ne7 7. Bb5+ Bd7 8.
Bxd7+ Qxd7 9. Ne2 Qa4 10. Rb1 b6 11. O-O Nbc6 12. Qd3 h6 13. f4 cxd4 14. cxd4
Nf5 15. Rd1 h5 16. Qb3 Qa6 17. Rd3 O-O-O 18. Bd2 Kd7 19. a4 Rc8 20. Qb5 Qxb5
21. axb5 Nce7 22. Ra1 Rxc2 23. Rxa7+ Rc7 24. Rxc7+ Kxc7 25. Bb4 Nc8 26. g3 Na7
27. Nc3 Kb7 28. h3 Rc8 29. g4 hxg4 30. hxg4 Nh6 31. f5 Rc4 32. fxe6 fxe6 33.
Bf8 Rc7 34. Bd6 Rf7 35. g5 Nf5 36. g6 Rd7 37. Bf8 Rd8 38. Bb4 Rh8 39. Ne2 Nxb5
40. Bd2 Rh4 41. Kf2 Nbxd4 42. Nf4 Rh2+ 43. Ke1 Nh4 44. Be3 Nhf3+ 45. Kf1 Nf5
46. Bf2 Nxe5 47. Rb3 Nc4 48. Kg1 Rh6 49. Rb1 Kc6 50. Rd1 Ne7 51. Kf1 e5 52. Nd3
Rxg6 53. Nb4+ Kd6 54. Ke2 d4 55. Bxd4 exd4 56. Rxd4+ Kc5 57. Re4 Kxb4 58. Rxe7
0-1

[Event "IX. Rhein-Main-Open"]
[Site "Bad Homburg"]
[Date "2006.06.18"]
[Round "6.10"]
[White "Kolker, Vladislav"]
[Black "Schell, Walter"]
[Result "1/2-1/2"]
[WhiteElo "1860"]
[BlackElo "2112"]
[PlyCount "55"]
[EventDate "2006.??.??"]

1. e4 e5 2. Nf3 Nc6 3. d4 exd4 4. Bc4 Nf6 5. e5 d5 6. Bb5 Ne4 7. Nxd4 Bd7 8.
Bxc6 bxc6 9. O-O Bc5 10. f3 Ng5 11. f4 Ne4 12. Be3 Qe7 13. Nd2 Nxd2 14. Qxd2
O-O 15. Nb3 Bb6 16. Qc3 f6 17. Bc5 fxe5 18. fxe5 Rae8 19. Rxf8+ Rxf8 20. Re1
Qf7 21. Qe3 Be6 22. a4 d4 23. Bxd4 Bxb3 24. cxb3 Bxd4 25. Qxd4 Qxb3 26. e6 Qb6
27. Qxb6 cxb6 28. Rd1 1/2-1/2

[Event "IX. Rhein-Main-Open"]
[Site "Bad Homburg"]
[Date "2006.06.18"]
[Round "6.11"]
[White "Isserman, Ryhor"]
[Black "Ochmann, Reimund"]
[Result "1-0"]
[WhiteElo "2309"]
[BlackElo "1944"]
[PlyCount "95"]
[EventDate "2006.??.??"]

1. e4 e5 2. Nf3 Nc6 3. Bb5 a6 4. Ba4 d6 5. O-O Bg4 6. h3 h5 7. Bxc6+ bxc6 8. d3
Qf6 9. Nbd2 Ne7 10. Re1 Bd7 11. Nf1 Qg6 12. Kh1 f6 13. d4 exd4 14. Nxd4 Qf7 15.
Ne3 g6 16. f4 c5 17. Nf3 Bc6 18. Nd5 O-O-O 19. c4 Re8 20. Bd2 Bh6 21. b4 f5 22.
bxc5 fxe4 23. Nxe7+ Qxe7 24. Nd4 Qd7 25. cxd6 Bg7 26. Nxc6 Qxc6 27. Rb1 Qxd6
28. Qb3 Bd4 29. Rxe4 Bb6 30. Rxe8+ Rxe8 31. Qa4 Re2 32. Qxa6+ Kd8 33. c5 Qxd2
34. cxb6 Re1+ 35. Rxe1 Qxe1+ 36. Kh2 h4 37. bxc7+ Kxc7 38. Qxg6 Qf2 39. a4
Qxf4+ 40. Kg1 Qxa4 41. Qg4 Qa1+ 42. Kf2 Qf6+ 43. Ke3 Qe5+ 44. Kf3 Qc3+ 45. Ke4
Qe1+ 46. Kf5 Qe7 47. Qc4+ Kb6 48. Qe6+ 1-0

[Event "IX. Rhein-Main-Open"]
[Site "Bad Homburg"]
[Date "2006.06.18"]
[Round "6.12"]
[White "White, Herbert"]
[Black "Neb, Roland"]
[Result "0-1"]
[WhiteElo "1961"]
[BlackElo "2156"]
[PlyCount "110"]
[EventDate "2006.??.??"]

1. c4 g6 2. d4 Bg7 3. Nc3 d6 4. e4 Nc6 5. Be3 e5 6. Nge2 Nh6 7. f3 f5 8. Qd2
Nf7 9. O-O-O O-O 10. Kb1 f4 11. Bf2 g5 12. d5 Ne7 13. Nc1 Ng6 14. c5 h5 15. h3
Nh6 16. Be2 g4 17. hxg4 hxg4 18. Nd3 g3 19. Be1 Nh4 20. Bf1 Nf7 21. Rc1 a6 22.
Qc2 Bf6 23. Na4 Bd7 24. Ba5 Qe8 25. c6 bxc6 26. dxc6 Be6 27. Bxc7 Kg7 28. Ba5
Rh8 29. Nb4 Ng5 30. Nb6 Nhxf3 31. Rxh8 Qxh8 32. Nxa8 Nd4 33. Qd3 Qxa8 34. Nxa6
Nxe4 35. Ka1 d5 36. c7 Nd6 37. Bb4 Nc4 38. Nc5 Bf5 39. Qd1 Ne3 40. Qa4 Ndc2+
41. Kb1 Nxb4+ 42. Ka1 Nbc2+ 43. Kb1 Na3+ 44. Ka1 Nec2+ 45. Rxc2 Nxc2+ 46. Kb1
Qxa4 47. Nxa4 Ne3+ 48. Kc1 Nxf1 49. Nc3 Ne3 50. Nb5 Be7 51. a4 Nxg2 52. a5 f3
53. a6 f2 54. Nd4 f1=Q+ 55. Kd2 Qe1# 0-1

[Event "IX. Rhein-Main-Open"]
[Site "Bad Homburg"]
[Date "2006.06.18"]
[Round "6.13"]
[White "Adair, Robin"]
[Black "Hilbenz, Guntram"]
[Result "1/2-1/2"]
[WhiteElo "2103"]
[BlackElo "2053"]
[PlyCount "97"]
[EventDate "2006.??.??"]

1. d4 d6 2. Nf3 Nf6 3. c4 Nbd7 4. Nc3 e5 5. e4 Be7 6. Be2 O-O 7. h3 c6 8. Be3
a6 9. a4 a5 10. O-O exd4 11. Bxd4 Qc7 12. Nh4 Re8 13. Nf5 Bf8 14. Qc2 g6 15.
Ng3 Bg7 16. f4 Nxe4 17. Ngxe4 Bxd4+ 18. Kh1 Nc5 19. Nxc5 dxc5 20. Bd3 f5 21. g4
Qf7 22. gxf5 Bxf5 23. Ne4 Qd7 24. Ng5 h6 25. Bxf5 gxf5 26. Nf3 Re4 27. Nxd4
cxd4 28. Qg2+ Kh7 29. Rad1 Rg8 30. Qd2 c5 31. Rg1 Rxg1+ 32. Rxg1 b6 33. Qf2 Qf7
34. Qg3 Re2 35. Rg2 Rxg2 36. Qxg2 Qe6 37. Qb7+ Kg6 38. Qg2+ Kf6 39. Qf2 Qe4+
40. Kg1 Qb1+ 41. Kg2 Qe4+ 42. Kg1 d3 43. Qh4+ Kg6 44. Qd8 Qe3+ 45. Kg2 Qe2+ 46.
Kg3 Qe1+ 47. Kg2 d2 48. Qg8+ Kf6 49. Qf8+ 1/2-1/2